Nightwork : Sexuality, pleasure, and corporate masculinity in a Tokyo hostess club

The book does a great job showing the ways that Japanese businessmen spend their time. The greatest aspect of this book is it's intimacy. Allison unpacks what is truly taking place in these hostess clubs-corporate masculinity, fascinating relationships, and complex gender roles.

Kaydedildi:
Detaylı Bibliyografya
Yazar: Allison, Anne
Materyal Türü: Kitap
Dil:Undetermined
Baskı/Yayın Bilgisi: Chicago University of Chicago Press 1994
Konular:
Etiketler: Etiketle
Etiket eklenmemiş, İlk siz ekleyin!
Thư viện lưu trữ: Trung tâm Học liệu Trường Đại học Cần Thơ
LEADER 00978nam a2200229Ia 4500
001 CTU_118872
008 210402s9999 xx 000 0 und d
020 |c 2620 
082 |a 394.120952 
082 |b A438 
100 |a Allison, Anne 
245 0 |a Nightwork : 
245 0 |b Sexuality, pleasure, and corporate masculinity in a Tokyo hostess club 
245 0 |c Anne Allison 
260 |a Chicago 
260 |b University of Chicago Press 
260 |c 1994 
520 |a The book does a great job showing the ways that Japanese businessmen spend their time. The greatest aspect of this book is it's intimacy. Allison unpacks what is truly taking place in these hostess clubs-corporate masculinity, fascinating relationships, and complex gender roles. 
650 |a Entertaining,Male friendship,Corporate culture,Cocktail servers 
650 |z Japan,Tokyo,Japan,Tokyo,Japan,Tokyo,Japan,Tokyo 
904 |i Truc 
980 |a Trung tâm Học liệu Trường Đại học Cần Thơ